01868nam a2200325 a 450000500170000000800410001702000180005804100080007609200200008410000280010424500510013225000660018326000340024930000160028350001190029965300580041865300490047665300200052565300160054565300160056165300200057770000270059770000290062494200120065399900150066595203020068095201760098295201920115895201920135020240802115229.0100708t2017 sp a f |||| 001 0 spa d a9788491130765 aspa c616.01l54sMUR1 aMurray, Patrick R.9717 aMicrobiología Médica /cPatrick R. Murray. a8a ed. bRevisión Alberto Delgado-Iribarren García-Campos aBarcelona: bElsevier;c2017. a836 p.bil. aMurray, P. R., Rosenthal, K. S. y Pfaller, M. A. (2017). Microbiología Médica. (8a ed.). Barcelona : Elsevier. aPrincipios generales del diagnóstico de laboratorio aConceptos básicos de respuesta inmunitaria aBacteriología aVirología aMicología aParasitología1 aRosenthal, Ken S.97181 aPfaller, Michael A.9719 2ddccBK c2811d2811 00102ddc40708REFaBFMbBFMcREFd2018-06-13eReemplazo de ejemplar dañado por Torri Josefina, 13 de Junio 2018l30m4o616.01 54 MURp3675r2025-03-10s2024-12-19tEj. 17w2018-06-13yREFzLIBRO DE CONSULTA. Sede Tordos. Reemplazo de ejemplar dañado por Torri Josefina, 13 de Junio 2018f 00102ddc40708NFICaBFMbBFMcCRd2019-08-07eUNComahueg3700.00l85m12o616.01 54 MURp4546r2026-05-04s2026-04-24tEj. 18w2019-08-07yBKzCompra UNComahue julio/19 00102ddc40708NFICaBFMbBFMcCRd2019-08-07eUNComahueg3700.00l81m22o616.01 54 MURp4547r2026-05-26s2026-05-22tEj. 19w2019-08-07yBKzCompra UNComahue julio/19. Sede Tordos.f 00102ddc40708NFICaBFMbBFMcCRd2019-08-07eUNComahueg3700.00l70m15o616.01 54 MURp4548r2026-05-28s2026-05-19tEj. 20w2019-08-07yBKzCompra UNComahue julio/19. Sede Tordos.f